Clinical Case Record for Midwives (Record no. 251092)

MARC details
000 -LEADER
fixed length control field 00404pam a2200157a 44500
008 - FIXED-LENGTH DATA ELEMENTS--GENERAL INFORMATION
fixed length control field 230405s2014 xxu||||| |||| 00| 0 eng d
020 ## - INTERNATIONAL STANDARD BOOK NUMBER
International Standard Book Number 9789382428329
Terms of availability Rs. 350
082 ## - DEWEY DECIMAL CLASSIFICATION NUMBER
Classification number 618.2
Item number BAB
100 ## - MAIN ENTRY--PERSONAL NAME
Personal name Babu, Molly
245 ## - TITLE STATEMENT
Title Clinical Case Record for Midwives
250 ## - EDITION STATEMENT
Edition statement 2nd Ed. RP. 2014
260 ## - PUBLICATION, DISTRIBUTION, ETC.
Place of publication, distribution, etc. Delhi
Name of publisher, distributor, etc. Kumar Pub.
Date of publication, distribution, etc. 2014
300 ## - PHYSICAL DESCRIPTION
Extent 380 p.
700 ## - ADDED ENTRY--PERSONAL NAME
Personal name Gusain, Shobha
906 ## - LOCAL DATA ELEMENT F, LDF (RLIN)
a 002391

No items available.